<?xml version="1.0" encoding="UTF-8"?><?xml-stylesheet type="text/xsl" href="static/style.xsl"?><OAI-PMH xmlns="http://www.openarchives.org/OAI/2.0/" xmlns:xsi="http://www.w3.org/2001/XMLSchema-instance" xsi:schemaLocation="http://www.openarchives.org/OAI/2.0/ http://www.openarchives.org/OAI/2.0/OAI-PMH.xsd"><responseDate>2026-05-17T05:21:26Z</responseDate><request verb="GetRecord" identifier="oai:riubu.ubu.es:10259/4381" metadataPrefix="marc">https://riubu.ubu.es/oai/request</request><GetRecord><record><header><identifier>oai:riubu.ubu.es:10259/4381</identifier><datestamp>2022-04-29T12:02:47Z</datestamp><setSpec>com_10259_4376</setSpec><setSpec>com_10259_5086</setSpec><setSpec>com_10259_2604</setSpec><setSpec>col_10259_4377</setSpec></header><metadata><record xmlns="http://www.loc.gov/MARC21/slim" xmlns:doc="http://www.lyncode.com/xoai" xmlns:xsi="http://www.w3.org/2001/XMLSchema-instance" xmlns:dcterms="http://purl.org/dc/terms/" xsi:schemaLocation="http://www.loc.gov/MARC21/slim http://www.loc.gov/standards/marcxml/schema/MARC21slim.xsd">
<leader>00925njm 22002777a 4500</leader>
<datafield tag="042" ind1=" " ind2=" ">
<subfield code="a">dc</subfield>
</datafield>
<datafield tag="720" ind1=" " ind2=" ">
<subfield code="a">Alvarado Gámez, Ana Lorena</subfield>
<subfield code="e">author</subfield>
</datafield>
<datafield tag="720" ind1=" " ind2=" ">
<subfield code="a">Alonso Lomillo, Mª Asunción</subfield>
<subfield code="e">author</subfield>
</datafield>
<datafield tag="720" ind1=" " ind2=" ">
<subfield code="a">Domínguez Renedo, Olga</subfield>
<subfield code="e">author</subfield>
</datafield>
<datafield tag="720" ind1=" " ind2=" ">
<subfield code="a">Arcos Martínez, Julia</subfield>
<subfield code="e">author</subfield>
</datafield>
<datafield tag="260" ind1=" " ind2=" ">
<subfield code="c">2014-02</subfield>
</datafield>
<datafield tag="520" ind1=" " ind2=" ">
<subfield code="a">A chronoamperometric method for vanadium ion determination, based on the inhibition of the enzyme alkaline phosphatase, is reported. Screen-printed carbon electrodes modified with gold nanoparticles were used as transducers for the immobilization of the enzyme. The enzymatic activity over 4-nitrophenyl phosphate sodium salt is affected by vanadium ions, which results in a decrease in the chronoamperometric current registered. The developed method has a detection limit of 0.39 ± 0.06 µM, a repeatability of 7.7% (n = 4) and a reproducibility of 8% (n = 3). A study of the possible interferences shows that the presence of Mo(VI), Cr(III), Ca(II) and W(VI), may affect vanadium determination at concentration higher than 1.0 mM. The method was successfully applied to the determination of vanadium in spiked tap water</subfield>
</datafield>
<datafield tag="024" ind2=" " ind1="8">
<subfield code="a">http://hdl.handle.net/10259/4381</subfield>
</datafield>
<datafield ind1=" " ind2=" " tag="653">
<subfield code="a">alkaline phosphatase</subfield>
</datafield>
<datafield ind1=" " ind2=" " tag="653">
<subfield code="a">biosensor</subfield>
</datafield>
<datafield ind1=" " ind2=" " tag="653">
<subfield code="a">gold nanoparticles</subfield>
</datafield>
<datafield ind1=" " ind2=" " tag="653">
<subfield code="a">4-nitrophenyl phosphate</subfield>
</datafield>
<datafield ind1=" " ind2=" " tag="653">
<subfield code="a">screen printed electrode</subfield>
</datafield>
<datafield ind1=" " ind2=" " tag="653">
<subfield code="a">vanadium</subfield>
</datafield>
<datafield ind1=" " ind2=" " tag="653">
<subfield code="a">water analysis</subfield>
</datafield>
<datafield tag="245" ind1="0" ind2="0">
<subfield code="a">A Disposable Alkaline Phosphatase-Based Biosensor for Vanadium Chronoamperometric Determination</subfield>
</datafield>
</record></metadata></record></GetRecord></OAI-PMH>